01156nam a2200241Ia 4500001000600000003000900006008004100015040001300056040001300069041001300082100002100095100002900116245002700145245004000172250001100212260000900223260001200232260004900244300005800293500050700351650002500858650003100883H4466IT-RoPAU130308s9999 xx 000 0 und d aIT-RoPAU cIT-RoPAU aITALIANO aRossi Alessandra gCodice Aut. SPICS: 57663 aLingua del cinema (La) bLingua Italiana e I Mass Media (La) a1a ed. aROMA bCarocci c2003 [1° Ed.:2003 - Ed.Ling.Originale:2003] a"34 p. (prefazione: no ; testo: 34 [pagine: 93-126])" a"Introduzione: Generalita'; cenni Storici; Analisi Linguistica: I Fenomeni del Parlato Cinematografico Segnali Discorsivi, Deissi, Meccanismi Sintattici di Focalizzazione, forme e Paradigmi; Plurilinguismo. Testi: un Confronto Il Primo Cinema Sonoro, Il Parlato Filmico del Dopoguerra, la Produzione Contemporanea; Plurilinguismo, Alternanza di Codice, Commutazione di Codice (Code Switching), Enunciazione Mistilingue (Code Mixing); Il Dialetto. Riferimenti Bibliografici; Sceneggiature Analizzate." aSAGGI DI LINGUISTICA eCodice materia Spics: 3207